History of Islam in Koria (Record no. 102394)
[ view plain ]
| 000 -LEADER | |
|---|---|
| fixed length control field | 00365nam a22001457a 4500 |
| 005 - DATE AND TIME OF LATEST TRANSACTION | |
| control field | 20180129124256.0 |
| 008 - FIXED-LENGTH DATA ELEMENTS--GENERAL INFORMATION | |
| fixed length control field | 180129b xxu||||| |||| 00| 0 eng d |
| 040 ## - CATALOGING SOURCE | |
| Transcribing agency | PK-LaUMT |
| 082 ## - DEWEY DECIMAL CLASSIFICATION NUMBER | |
| Classification number | PKAC 297.7409519 |
| Item number | ABU-H |
| 100 ## - MAIN ENTRY--PERSONAL NAME | |
| Personal name | Abu Bakr J. Kim |
| 245 ## - TITLE STATEMENT | |
| Title | History of Islam in Koria |
| Statement of responsibility, etc | Abu Bakr J. Kim |
| 260 ## - PUBLICATION, DISTRIBUTION, ETC. (IMPRINT) | |
| Place of publication, distribution, etc | [ ] |
| Name of publisher, distributor, etc | [ ] |
| Date of publication, distribution, etc | 1987 |
| 300 ## - PHYSICAL DESCRIPTION | |
| Extent | ] [ |
| 942 ## - ADDED ENTRY ELEMENTS (KOHA) | |
| Koha item type | Books |
| Withdrawn status | Lost status | Damaged status | Home library | Current library | Date acquired | Full call number | Barcode | Date last seen | Price effective from | Koha item type |
|---|---|---|---|---|---|---|---|---|---|---|
| UMT Main Campus | UMT Main Campus | 2018-01-29 | PKAC 297.7409519 ABU-H | 118431 | 2018-01-29 | 2018-01-29 | Books |
